Southville International School and Colleges
Your cart is empty.
  • Cart
  • Lists
    Public lists Eva Luna New books Lux_list list_1
    Your lists Log in to create your own lists
  • Log in to your account
  • Your cookies
  • Search history
Southville International School and Colleges
  • Advanced search
  • Recent comments
  • Most popular
  • Libraries

Log in to your account

Log in with GOOGLE


If you do not have an external account, but do have a local account, you can still log in:

  1. Home
  2. MARC view: Manna from heaven :
Normal view MARC view ISBD view

Manna from heaven : (Record no. 3452)

[ view plain ]
MARC details
000 -LEADER
fixed length control field 00511nam a22001577a 4500
003 - CONTROL NUMBER IDENTIFIER
control field OSt
005 - DATE AND TIME OF LATEST TRANSACTION
control field 20140310181756.0
008 - FIXED-LENGTH DATA ELEMENTS--GENERAL INFORMATION
fixed length control field 130701t xxu||||| |||| 00| 0 eng d
050 ## - LIBRARY OF CONGRESS CALL NUMBER
Classification number QR 99.7
Item number .T172 1995
082 ## - DEWEY DECIMAL CLASSIFICATION NUMBER
-- FIL 613.25
Item number T16 1994
100 ## - MAIN ENTRY--PERSONAL NAME
Personal name Tapiador, Domingo Diaz
245 ## - TITLE STATEMENT
Title Manna from heaven :
Remainder of title Spirulina (microalgae) in the Philippines /
Statement of responsibility, etc Domingo Diaz Tapiador.
260 ## - PUBLICATION, DISTRIBUTION, ETC. (IMPRINT)
Place of publication, distribution, etc Manila :
Name of publisher, distributor, etc Spirulina Foundation of the Philippines, Inc.,
Date of publication, distribution, etc 1995.
300 ## - PHYSICAL DESCRIPTION
Extent vi. 91 p. :
Dimensions 21 cm.
942 ## - ADDED ENTRY ELEMENTS (KOHA)
Source of classification or shelving scheme Library of Congress Classification
Koha item type Books
Holdings
Withdrawn status Lost status Source of classification or shelving scheme Damaged status Home library Current library Shelving location Date acquired Total Checkouts Full call number Barcode Date last seen Copy number Price effective from Koha item type
    Library of Congress Classification   Luxembourg Library Luxembourg Library Filipiniana Section 07/01/2013   QR 99.7 .T172 1994 4741 08/13/2013 1 07/01/2013 Books

Manna from heaven :

APA

Tapiador D. D., . (1995). Manna from heaven. Manila: Spirulina Foundation of the Philippines, Inc.

Chicago

Tapiador Domingo Diaz, . 1995. Manna from heaven. Manila: Spirulina Foundation of the Philippines, Inc.

Harvard

Tapiador D. D., . (1995). Manna from heaven. Manila: Spirulina Foundation of the Philippines, Inc.

MLA

Tapiador Domingo Diaz, . Manna from heaven. Manila: Spirulina Foundation of the Philippines, Inc. 1995.

  • Place hold
  • Print
  • Cite
  • Add to your cart (remove)
  • Save record
    BIBTEX Dublin Core MARCXML MARC (non-Unicode/MARC-8) MARC (Unicode/UTF-8) MARC (Unicode/UTF-8, Standard) MODS (XML) RIS
  • More searches
    Search for this title in:
    Other Libraries (WorldCat) Other Databases (Google Scholar) Online Stores (Bookfinder.com) Open Library (openlibrary.org)

Exporting to Dublin Core...

SOUTHVILLE LIBRARY

Southville International School and Colleges Library

1281 Tropical Ave. Cor. Luxembourg St., BF Homes International, Las Pinas City

Tel. No. 8256374 / 252358 Loc. 117/146

Powered by Koha